000 00490nam a2200169Ia 4500
005 20250327135917.0
008 231217s9999 xx 000 0 und d
020 _a9788122422856
082 _a001.6404 SIN;1 R
100 _aSingh, B P. Singh, Renu.
245 0 _aAdvanced microprocessors and microcontrollers
250 _a3rd ed.
260 _c2007
_bNew Age International
_aNew Delhi
300 _axii, 578
650 _aAdvanced,microprocessors,microcontrollers
942 _cAA
999 _c188059
_d188059